Statistics for Famous Bald Men - Picture Quiz

Click here to take the quiz!

General Stats

  • This quiz has been taken 1,838 times
  • The average score is 8 of 15

Answer Stats

Answer% Correct
Dwayne Johnson
95%
Mike Tyson
84%
Bruce Willis
72%
Pope Francis
72%
Vin Diesel
71%
Pitbull
69%
Shaquille O'Neal
68%
Michael Jordan
61%
Jeff Bezos
58%
Patrick Stewart
47%
Stanley Tucci
34%
Floyd Mayweather
29%
Verne Troyer
21%
Common
16%
Rick Ross
12%

Score Distribution

Percentile by Number Answered

Percent of People with Each Score

Your Score History

You have not taken this quiz